000 00285nam a22001337a 4500
008 170829b xxu||||| |||| 00| 0 eng d
020 _a0314205705
041 _aeng
080 _a070
100 _a39
101 _aMED
245 _aJOURNALISM MATTERS
_cSCHAFFER,J
942 _2udc
_cBK
999 _c25251
_d25251